[Event "Titled Tuesday intern op 05th Sep Late"]
[Site "Chess.com INT"]
[Date "2023.09.05"]
[Round "1"]
[White "Boor, Carl Brandon"]
[Black "Osmonbekov, Talaibek D"]
[Result "1-0"]
[WhiteElo "2231"]
[BlackElo "2137"]
[PlyCount "59"]
[EventDate "2023.09.05"]
[EventType "swiss (blitz)"]
[EventRounds "11"]
[EventCountry "USA"]
[SourceTitle "EXT 2024"]
[Source "ChessBase"]
[SourceDate "2023.10.10"]
[SourceVersion "1"]
[SourceVersionDate "2023.10.10"]
[SourceQuality "1"]

1. d4 e6 2. Nf3 f5 3. Bf4 Nf6 4. e3 g6 5. c4 Bg7 6. Nc3 0-0 7. d5 d6 8. dxe6 Bxe6 9. Be2 Nc6 10. Rc1 h6 11. h3 Nh5 12. Bh2 f4 13. e4 Qd7 14. Qd2 Rad8 15. Nd5 Rde8 16. Nxf4 Nxf4 17. Bxf4 g5 18. Bg3 Qf7 19. 0-0 Qg6 20. c5 dxc5 21. Rxc5 Rd8 22. Qc1 Qxe4 23. Re1 Bxa2 24. Bc4+ Qxc4 25. Rxc4 Bxc4 26. Qxc4+ Kh8 27. Qb5 Rxf3 28. gxf3 Nd4 29. Qxb7 Rf8 30. Kg2 1-0

[Event "Titled Tuesday intern op 05th Sep Late"]
[Site "Chess.com INT"]
[Date "2023.09.05"]
[Round "11"]
[White "Jarocka, Liwia"]
[Black "Boor, Carl Brandon"]
[Result "1/2-1/2"]
[WhiteElo "2208"]
[BlackElo "2231"]
[PlyCount "90"]
[EventDate "2023.09.05"]
[EventType "swiss (blitz)"]
[EventRounds "11"]
[EventCountry "USA"]
[SourceTitle "EXT 2024"]
[Source "ChessBase"]
[SourceDate "2023.10.10"]
[SourceVersion "1"]
[SourceVersionDate "2023.10.10"]
[SourceQuality "1"]

1. c4 e5 2. Nc3 Nc6 3. e4 Bc5 4. Nf3 d6 5. Be2 a6 6. 0-0 h6 7. d3 Nge7 8. Be3 Ng6 9. Qd2 0-0 10. a3 Bg4 11. Rfe1 Bxf3 12. Bxf3 Nh4 13. Be2 Bxe3 14. fxe3 Ne7 15. g3 Nhg6 16. Bf3 Qd7 17. Bg2 Rfe8 18. Rf1 Nh8 19. Rf2 Rf8 20. Raf1 f6 21. d4 Rad8 22. h4 Qc6 23. b3 b5 24. Nd5 Nxd5 25. cxd5 Qb6 26. dxe5 dxe5 27. Qc3 Rfe8 28. Rc1 Re7 29. Qc5 Rd6 30. Bh3 Qxc5 31. Rxc5 Kf8 32. Rfc2 Nf7 33. Rxc7 Rxc7 34. Rxc7 Rb6 35. b4 Nd6 36. Be6 Nc4 37. Rf7+ Ke8 38. Rxg7 Nxa3 39. Rg8+ Ke7 40. Rg7+ Ke8 41. Kf2 Nc2 42. Rg8+ Ke7 43. Rg7+ Ke8 44. Rg8+ Ke7 45. Rg7+ Ke8 1/2-1/2

[Event "Titled Tuesday intern op 22nd Aug Late"]
[Site "Chess.com INT"]
[Date "2023.08.22"]
[Round "4"]
[White "Boor, Carl Brandon"]
[Black "Klukin, Kirill"]
[Result "0-1"]
[WhiteElo "2231"]
[BlackElo "2390"]
[PlyCount "156"]
[EventDate "2023.08.22"]
[EventType "swiss (blitz)"]
[EventRounds "11"]
[EventCountry "USA"]
[SourceTitle "EXT 2024"]
[Source "ChessBase"]
[SourceDate "2023.10.10"]
[SourceVersion "1"]
[SourceVersionDate "2023.10.10"]
[SourceQuality "1"]

1. d4 Nf6 2. c4 Nc6 3. Nf3 e6 4. a3 d6 5. g3 g6 6. Bg2 Bg7 7. 0-0 0-0 8. Nc3 e5 9. h3 Bf5 10. d5 Ne7 11. Nd2 c6 12. e4 Bd7 13. dxc6 bxc6 14. Re1 Be6 15. Qe2 Qd7 16. Kh2 Rfd8 17. Nf1 Rab8 18. Ne3 c5 19. Ned5 Nc6 20. Bg5 Nd4 21. Qd3 Bxd5 22. Nxd5 Qe6 23. b4 a6 24. Rab1 Rdc8 25. Be3 Nxd5 26. exd5 Qd7 27. bxc5 dxc5 28. Bxd4 exd4 29. h4 Qd6 30. Bh3 Rd8 31. Rxb8 Rxb8 32. Qe2 Bf6 33. Qf3 Bxh4 34. Re4 Bg5 35. Rg4 h6 36. Re4 Kg7 37. Kg2 Bf6 38. Rf4 Rb2 39. Qd3 Bg5 40. Rf3 Qe5 41. Qd1 h5 42. Qa4 Qd6 43. Qd1 Rb7 44. Rd3 Re7 45. Qf3 Bf6 46. Rd2 Qe5 47. Rb2 h4 48. Rb6 hxg3 49. Qxg3 Qxg3+ 50. Kxg3 Be5+ 51. Kf3 Re8 52. d6 Rd8 53. d7 Bf6 54. Rb7 Be7 55. Ke4 a5 56. Kd3 f5 57. f3 Kf6 58. Rb6+ Kf7 59. Rb7 Ke6 60. f4 Rxd7 61. Rxd7 Kxd7 62. Bg2 Ke6 63. Bd5+ Kf6 64. Bc6 Bd6 65. Ke2 Bxf4 66. Kf3 Bc1 67. a4 g5 68. Bd7 Ke5 69. Ke2 g4 70. Bc6 Be3 71. Kd3 Kf4 72. Bd7 Kg5 73. Bc8 f4 74. Bb7 f3 75. Bc6 Kh4 76. Bd7 Kg3 77. Bc6 Kf2 78. Bd7 g3 0-1

[Event "Titled Tuesday intern op 18th Jul Late"]
[Site "Chess.com INT"]
[Date "2023.07.18"]
[Round "6"]
[White "Boor, Carl Brandon"]
[Black "Cardozo Munar, Carlos Eduardo"]
[Result "0-1"]
[WhiteElo "2231"]
[BlackElo "2043"]
[PlyCount "74"]
[EventDate "2023.07.18"]
[EventType "swiss (blitz)"]
[EventRounds "11"]
[EventCountry "USA"]
[SourceTitle "EXT 2024"]
[Source "ChessBase"]
[SourceDate "2023.10.10"]
[SourceVersion "1"]
[SourceVersionDate "2023.10.10"]
[SourceQuality "1"]

1. e4 e6 2. Nf3 d5 3. e5 c5 4. b4 cxb4 5. a3 Nc6 6. d4 f6 7. Bd3 Qb6 8. 0-0 Bd7 9. axb4 fxe5 10. b5 Nxd4 11. Nxe5 Nf6 12. Nxd7 Kxd7 13. c4 Bd6 14. Be3 e5 15. Nc3 dxc4 16. Bf5+ Ke7 17. Na4 Qxb5 18. Bxd4 exd4 19. Re1+ Kf8 20. Qxd4 Be7 21. Rxe7 Qxf5 22. Rxb7 Qd5 23. Qxd5 Nxd5 24. Nc5 a5 25. Ne6+ Ke8 26. Nxg7+ Kd8 27. Rc1 c3 28. Rb5 Nc7 29. Rc5 Rg8 30. Nf5 a4 31. Rd1+ Kc8 32. Nd6+ Kd7 33. Nb5+ Ke7 34. Rxc7+ Kf6 35. Rxc3 Rgb8 36. Rf3+ Kg7 37. Rd7+ Kh8 0-1

[Event "Titled Tuesday intern op 16th May Late"]
[Site "Chess.com INT"]
[Date "2023.05.16"]
[Round "2"]
[White "Boor, Carl Brandon"]
[Black "Iturrizaga Bonelli, Eduardo"]
[Result "0-1"]
[WhiteElo "2231"]
[BlackElo "2637"]
[PlyCount "34"]
[EventDate "2023.05.16"]
[EventType "swiss (blitz)"]
[EventRounds "11"]
[EventCountry "USA"]
[SourceTitle "CBM 214 Extra"]
[Source "ChessBase"]
[SourceDate "2023.07.31"]
[SourceVersion "1"]
[SourceVersionDate "2023.07.31"]
[SourceQuality "1"]

1. d4 Nf6 2. c4 e6 3. Nc3 Bb4 4. Bd2 0-0 5. e3 b6 6. Nf3 Bb7 7. Bd3 c5 8. a3 Bxc3 9. Bxc3 Ne4 10. Rc1 d6 11. 0-0 Nd7 12. Qe2 f5 13. Ne1 Qh4 14. f3 Nef6 15. Qf2 Qh6 16. Nc2 Ne4 17. Ne1 Nxf2 0-1

[Event "Titled Tuesday intern op 16th May Late"]
[Site "Chess.com INT"]
[Date "2023.05.16"]
[Round "10"]
[White "Mendes, Aaron Reeve"]
[Black "Boor, Carl Brandon"]
[Result "1-0"]
[WhiteElo "1991"]
[BlackElo "2231"]
[PlyCount "55"]
[EventDate "2023.05.16"]
[EventType "swiss (blitz)"]
[EventRounds "11"]
[EventCountry "USA"]
[SourceTitle "CBM 214 Extra"]
[Source "ChessBase"]
[SourceDate "2023.07.31"]
[SourceVersion "1"]
[SourceVersionDate "2023.07.31"]
[SourceQuality "1"]

1. e4 h5 2. d4 a5 3. Nf3 e6 4. Nc3 h4 5. Bd3 h3 6. g3 d6 7. 0-0 Nc6 8. a3 Nf6 9. Re1 Ng4 10. Bb5 Bd7 11. d5 Nce5 12. Nxe5 Nxe5 13. Bxd7+ Qxd7 14. f4 Ng6 15. dxe6 fxe6 16. Be3 Qf7 17. Qg4 Ne7 18. Nb5 Rc8 19. Nd4 Kd7 20. f5 exf5 21. exf5 Qh5 22. Qe4 c6 23. Bf4 Rd8 24. Ne6 Re8 25. Rad1 d5 26. Qe5 Rc8 27. Qd6+ Ke8 28. Nxg7+ 1-0

[Event "Titled Tuesday intern op 16th May Late"]
[Site "Chess.com INT"]
[Date "2023.05.16"]
[Round "4"]
[White "Pap, Gyula"]
[Black "Boor, Carl Brandon"]
[Result "1-0"]
[WhiteElo "2429"]
[BlackElo "2231"]
[PlyCount "79"]
[EventDate "2023.05.16"]
[EventType "swiss (blitz)"]
[EventRounds "11"]
[EventCountry "USA"]
[SourceTitle "CBM 214 Extra"]
[Source "ChessBase"]
[SourceDate "2023.07.31"]
[SourceVersion "1"]
[SourceVersionDate "2023.07.31"]
[SourceQuality "1"]

1. Nf3 h5 2. e4 a5 3. d4 e6 4. c4 h4 5. h3 Be7 6. Nc3 d6 7. Bd3 Nf6 8. Be3 Nc6 9. d5 Nb4 10. Be2 e5 11. a3 Na6 12. b4 axb4 13. axb4 Bd7 14. Rb1 Nh5 15. Qd2 b6 16. 0-0 g6 17. c5 bxc5 18. bxc5 Nxc5 19. Bxc5 dxc5 20. Nxe5 Bd6 21. Nxd7 Bf4 22. Qb2 Kxd7 23. Bb5+ Ke7 24. d6+ Kf8 25. Nd5 Rh7 26. Bc6 Bxd6 27. Bxa8 Qxa8 28. Qb8+ Qxb8 29. Rxb8+ Kg7 30. f4 c4 31. e5 Bc5+ 32. Kh2 Ng3 33. Rc1 Bd4 34. Rb4 c5 35. Rbxc4 g5 36. Re1 gxf4 37. Nxf4 Bf2 38. Rd1 Rh8 39. e6 Nf5 40. Re4 1-0

[Event "Titled Tuesday intern op 12th Jul Late"]
[Site "Chess.com INT"]
[Date "2022.07.12"]
[Round "2"]
[White "Boor, Carl Brandon"]
[Black "Mamedov, Edgar"]
[Result "1-0"]
[WhiteElo "2231"]
[BlackElo "2227"]
[PlyCount "73"]
[EventDate "2022.07.12"]
[EventType "swiss (blitz)"]
[EventRounds "11"]
[EventCountry "USA"]
[SourceTitle "EXT 2023"]
[Source "ChessBase"]
[SourceDate "2022.10.05"]
[SourceVersion "1"]
[SourceVersionDate "2022.10.05"]
[SourceQuality "1"]

1. Nf3 d5 2. d4 Nf6 3. c4 c6 4. Qc2 dxc4 5. e4 Bg4 6. Bxc4 e6 7. Be3 Nbd7 8. Nc3 Bxf3 9. gxf3 b5 10. Bb3 a6 11. 0-0 Be7 12. Kh1 0-0 13. Rg1 Kh8 14. e5 Nd5 15. Nxd5 cxd5 16. Rg3 Rc8 17. Qd3 f5 18. exf6 Nxf6 19. Rag1 Nh5 20. Rh3 Qe8 21. Bc2 Rf5 22. Qe2 Qf7 23. f4 g6 24. Bxf5 Qxf5 25. Qf3 Rc2 26. Rc1 Rxc1+ 27. Bxc1 Bd6 28. Kg2 Bxf4 29. Rxh5 gxh5 30. Qxf4 Qg6+ 31. Kh3 Kg8 32. Qg5 Qxg5 33. Bxg5 Kf7 34. Kg3 Kg6 35. Kf4 h6 36. Bh4 Kf7 37. Ke5 1-0

[Event "Titled Tuesday intern op 12th Jul Late"]
[Site "Chess.com INT"]
[Date "2022.07.12"]
[Round "11"]
[White "Boor, Carl Brandon"]
[Black "Ziatdinov, Raset"]
[Result "1-0"]
[WhiteElo "2231"]
[BlackElo "2099"]
[PlyCount "33"]
[EventDate "2022.07.12"]
[EventType "swiss (blitz)"]
[EventRounds "11"]
[EventCountry "USA"]
[SourceTitle "EXT 2023"]
[Source "ChessBase"]
[SourceDate "2022.10.05"]
[SourceVersion "1"]
[SourceVersionDate "2022.10.05"]
[SourceQuality "1"]

1. Nf3 Nf6 2. d4 g6 3. c4 Bg7 4. g3 0-0 5. Bg2 d6 6. 0-0 Nc6 7. d5 Ne5 8. Nxe5 dxe5 9. Nc3 Nd7 10. e4 a5 11. Be3 f5 12. exf5 gxf5 13. f4 exf4 14. Bxf4 Ne5 15. c5 Nc4 16. Qe2 b5 17. d6 1-0

[Event "Titled Tuesday intern op 12th Jul Late"]
[Site "Chess.com INT"]
[Date "2022.07.12"]
[Round "3"]
[White "Hakobyan, Aram"]
[Black "Boor, Carl Brandon"]
[Result "1-0"]
[WhiteElo "2612"]
[BlackElo "2231"]
[PlyCount "87"]
[EventDate "2022.07.12"]
[EventType "swiss (blitz)"]
[EventRounds "11"]
[EventCountry "USA"]
[SourceTitle "EXT 2023"]
[Source "ChessBase"]
[SourceDate "2022.10.05"]
[SourceVersion "1"]
[SourceVersionDate "2022.10.05"]
[SourceQuality "1"]

1. e4 c5 2. Nf3 Nc6 3. Nc3 g6 4. Bb5 Nd4 5. Bc4 Bg7 6. d3 d6 7. 0-0 Nf6 8. Nxd4 cxd4 9. Ne2 Qb6 10. a4 a6 11. a5 Qa7 12. Ra4 0-0 13. Nxd4 Nxe4 14. dxe4 Bxd4 15. Bxf7+ Rxf7 16. Rxd4 Qc5 17. b4 Qc3 18. e5 Bf5 19. exd6 exd6 20. Rxd6 Qxc2 21. Qd4 Qe4 22. Qxe4 Bxe4 23. Re1 Bc6 24. Bh6 Rc8 25. f3 Bb5 26. h4 Rfc7 27. Kh2 Rc4 28. Kg3 Rc2 29. Re7 Bf1 30. Rd2 Rxd2 31. Bxd2 Rc2 32. Bh6 Rxg2+ 33. Kf4 Re2 34. Rg7+ Kh8 35. Rxb7 Re8 36. Bg7+ Kg8 37. Bf6 Re6 38. Kg5 h6+ 39. Kxh6 Rxf6 40. Rb6 Rxf3 41. Rxg6+ Kf7 42. h5 Bd3 43. Rb6 Rg3 44. b5 1-0